[Event "SVK-chT1E 2223"]
[Site "Slovakia"]
[Date "2023.02.05"]
[Round "9.5"]
[White "Panko, Eduard1111"]
[Black "Sokol, Lubomir"]
[Result "0-1"]
[WhiteElo "2038"]
[BlackElo "2158"]
[PlyCount "70"]
[EventDate "2022.10.15"]
[EventType "team-tourn"]
[EventRounds "11"]
[EventCountry "SVK"]
[SourceTitle "EXT 2024"]
[Source "ChessBase"]
[SourceDate "2023.10.10"]
[SourceVersion "1"]
[SourceVersionDate "2023.10.10"]
[SourceQuality "1"]
[WhiteTeam "Michalovce Zemplin"]
[BlackTeam "Zilina Mladost II"]
[WhiteTeamCountry "SVK"]
[BlackTeamCountry "SVK"]

1. g3 d5 2. Bg2 Nc6 3. d3 Nf6 4. Bg5 h6 5. Bxf6 exf6 6. Nd2 Bc5 7. Ngf3 Bg4 8. c3 Qd7 9. Qb3 0-0-0 10. h3 Bf5 11. Qb5 Bb6 12. Nf1 Rhe8 13. d4 a6 14. Qa4 Kb8 15. Ne3 Rxe3 16. fxe3 Nxd4 17. Qxd4 Bxd4 18. exd4 Re8 19. Nh4 Bd3 20. 0-0-0 Bxe2 21. Rd2 g5 22. Nf3 Bxf3 23. Bxf3 Re3 24. Rf2 f5 25. Kd2 f4 26. gxf4 gxf4 27. Bg4 Qb5 28. Rxf4 Qd3+ 29. Kc1 Rg3 30. Rf2 Qe3+ 31. Rd2 f5 32. Be2 f4 33. Rh2 f3 34. Bd3 Rg2 35. Kc2 Qxd2+ 0-1

[Event "SVK-chT1E 0910"]
[Site "Slovakia"]
[Date "2010.01.16"]
[Round "6.4"]
[White "Ilkovic, Frantisek"]
[Black "Sokol, Lubomir"]
[Result "0-1"]
[WhiteElo "2009"]
[BlackElo "2142"]
[PlyCount "156"]
[EventDate "2009.10.17"]
[EventType "team"]
[EventRounds "11"]
[EventCountry "SVK"]
[SourceTitle "EXT 2011"]
[Source "ChessBase"]
[SourceDate "2010.11.26"]
[SourceVersion "1"]
[SourceVersionDate "2010.11.26"]
[SourceQuality "1"]
[WhiteTeam "Filakovo"]
[BlackTeam "Zilina Mladost juniors"]
[WhiteTeamCountry "SVK"]
[BlackTeamCountry "SVK"]

1. e4 c5 2. f4 Nc6 3. Nf3 d6 4. Bb5 Bd7 5. 0-0 e6 6. d3 Nf6 7. c3 Be7 8. Na3 0-0 9. Nc2 a6 10. Bxc6 Bxc6 11. Ne3 b5 12. b3 Qc7 13. c4 bxc4 14. bxc4 Rab8 15. Bd2 Rfe8 16. Qc2 Nd7 17. Rab1 Rxb1 18. Rxb1 Rb8 19. f5 Bf6 20. fxe6 fxe6 21. Ng4 Be7 22. Bg5 Nf6 23. Ne3 Rxb1+ 24. Qxb1 Qb7 25. Qxb7 Bxb7 26. e5 dxe5 27. Nxe5 Bd6 28. Nf3 h6 29. Bh4 Nh5 30. Ne1 Nf4 31. Bg3 Ne2+ 32. Kf2 Nxg3 33. hxg3 Kf7 34. Nf3 Ke7 35. Ng4 Kd7 36. Nge5+ Kc7 37. Nf7 Be7 38. g4 Kb6 39. g5 hxg5 40. N7xg5 Bc8 41. Ne4 Ka5 42. Ne5 Bb7 43. Ke3 Kb4 44. g4 a5 45. Ng6 Bd8 46. Nf8 Bc8 47. Kf4 e5+ 48. Kf3 a4 49. Ng6 Bc7 50. Ne7 Bb7 51. Nd5+ Bxd5 52. cxd5 c4 53. d6 Bd8 54. d7 cxd3 55. Ke3 Kc4 56. g5 Bb6+ 57. Kd2 Kd4 58. Nd6 Ba5+ 59. Kd1 e4 60. Nb7 Bb6 61. d8Q+ Bxd8 62. Nxd8 e3 63. Ne6+ Kc3 64. Nf4 e2+ 65. Nxe2+ dxe2+ 66. Kxe2 Kb2 67. Kd2 Kxa2 68. Kc2 Ka3 69. g6 Kb4 70. Kb2 Kc4 71. Ka3 Kd5 72. Kxa4 Ke6 73. Kb4 Kf6 74. Kc4 Kxg6 75. Kd4 Kf5 76. Ke3 Kg4 77. Kf2 Kh3 78. Kg1 Kg3 0-1

[Event "SVK-chT2C 0809"]
[Site "Slovakia"]
[Date "2009.03.01"]
[Round "11.1"]
[White "Sokol, Lubomir"]
[Black "Hrnciar, Roman"]
[Result "0-1"]
[WhiteElo "2166"]
[BlackElo "2078"]
[PlyCount "134"]
[EventDate "2008.10.11"]
[EventType "team-tourn"]
[EventRounds "11"]
[EventCountry "SVK"]
[SourceTitle "EXT 2010"]
[Source "ChessBase"]
[SourceDate "2010.11.25"]
[SourceVersion "1"]
[SourceVersionDate "2010.11.25"]
[SourceQuality "1"]
[WhiteTeam "Zilina Mladost II"]
[BlackTeam "Dolny Kubin"]
[WhiteTeamCountry "SVK"]
[BlackTeamCountry "SVK"]

1. d4 d5 2. Nf3 Nf6 3. g3 e6 4. Bg2 Be7 5. 0-0 0-0 6. b3 Nbd7 7. Bb2 Re8 8. Nbd2 Bd6 9. c4 c6 10. Qc2 e5 11. cxd5 Nxd5 12. Nc4 Bc7 13. Ncxe5 Nxe5 14. Nxe5 Nb4 15. Qc4 Bxe5 16. dxe5 Qe7 17. a3 Na6 18. b4 Nc7 19. e4 a5 20. f4 Be6 21. Qc3 Nb5 22. Qc5 a4 23. Qe3 Red8 24. Rfd1 Bb3 25. Rxd8+ Rxd8 26. Bh3 Bc4 27. Rc1 Rd3 28. Qf2 Qd8 29. Rxc4 Rd2 30. Qe3 Rxb2 31. Rc1 Nxa3 32. e6 fxe6 33. Bxe6+ Kh8 34. Bg4 Qd2 35. Qxd2 Rxd2 36. Bc8 Nc2 37. Bxb7 a3 38. b5 cxb5 39. Bd5 g6 40. Ba2 Kg7 41. e5 Re2 42. Bb3 Re1+ 43. Rxe1 Nxe1 44. Kf2 Nd3+ 45. Ke3 Nc1 46. Bd5 a2 47. Bxa2 Nxa2 48. Kd4 Kf7 49. Kc5 Ke6 50. Kxb5 Nc3+ 51. Kc4 Ne4 52. Kd3 Kd5 53. Ke3 h5 54. Kf3 Nc5 55. Ke3 Ne6 56. Kf3 Kd4 57. g4 Ng7 58. Kg3 Ke4 59. gxh5 gxh5 60. Kh4 Kxf4 61. e6 Kf5 62. e7 Kg6 63. Kh3 Kg5 64. Kg2 Kf6 65. Kg3 Kxe7 66. Kf4 Kf6 67. h4 Nf5 0-1

[Event "SVK-chT2C 0809"]
[Site "Slovakia"]
[Date "2009.02.28"]
[Round "10.2"]
[White "Druska, Juraj"]
[Black "Sokol, Lubomir"]
[Result "1/2-1/2"]
[WhiteElo "2035"]
[BlackElo "2166"]
[PlyCount "121"]
[EventDate "2008.10.11"]
[EventType "team-tourn"]
[EventRounds "11"]
[EventCountry "SVK"]
[SourceTitle "EXT 2010"]
[Source "ChessBase"]
[SourceDate "2010.11.25"]
[SourceVersion "1"]
[SourceVersionDate "2010.11.25"]
[SourceQuality "1"]
[WhiteTeam "Liptov SK III"]
[BlackTeam "Zilina Mladost II"]
[WhiteTeamCountry "SVK"]
[BlackTeamCountry "SVK"]

1. d4 d5 2. Nf3 c6 3. c4 e6 4. Bg5 Be7 5. Bxe7 Qxe7 6. Qc2 Nf6 7. Nbd2 0-0 8. e3 Nbd7 9. Bd3 dxc4 10. Nxc4 c5 11. 0-0 cxd4 12. Nxd4 e5 13. Nf5 Qe6 14. Ncd6 Nb6 15. Qe2 Bd7 16. Rfd1 g6 17. Nh6+ Kg7 18. Bf5 gxf5 19. Ndxf5+ Kh8 20. Rd6 Qc4 21. Qxc4 Nxc4 22. Rxf6 Be6 23. b3 Nb6 24. Ng3 Nd5 25. Rf3 f5 26. Nhxf5 e4 27. Nxe4 Rxf5 28. Rxf5 Bxf5 29. Nd6 Be6 30. Nxb7 Rc8 31. Nd6 Rc2 32. Nb5 Bd7 33. a4 Bxb5 34. axb5 Nc3 35. f4 Nxb5 36. Ra5 Nd6 37. Rxa7 Rc3 38. Kf2 Rxb3 39. Ra2 Kg7 40. g4 Nc4 41. Re2 Nb2 42. h4 h5 43. Kf3 Nd1 44. gxh5 Kh6 45. f5 Kxh5 46. Kf4 Nc3 47. Re1 Nd5+ 48. Ke4 Nf6+ 49. Ke5 Ng4+ 50. Kf4 Nf2 51. Re2 Nd3+ 52. Ke4 Kxh4 53. f6 Nc5+ 54. Kf5 Nd7 55. Ke6 Nc5+ 56. Kd5 Nd7 57. f7 Kg5 58. Kd6 Nf8 59. e4 Rb6+ 60. Kd5 Kf6 61. Rf2+ 1/2-1/2

[Event "SVK-chT2C 0607"]
[Site "Slovakia"]
[Date "2007.01.13"]
[Round "7.6"]
[White "Milovnik, Juraj"]
[Black "Sokol, Lubomir"]
[Result "0-1"]
[WhiteElo "2089"]
[BlackElo "2217"]
[PlyCount "92"]
[EventDate "2006.10.14"]
[EventType "team-tourn"]
[EventRounds "11"]
[EventCountry "SVK"]
[SourceTitle "EXT 2008"]
[Source "ChessBase"]
[SourceDate "2007.11.25"]
[SourceVersion "1"]
[SourceVersionDate "2007.11.25"]
[SourceQuality "1"]
[WhiteTeam "Zilina Central"]
[BlackTeam "Zilina Mladost II"]
[WhiteTeamCountry "SVK"]
[BlackTeamCountry "SVK"]

1. d4 d5 2. c4 c6 3. Nc3 e6 4. e3 Nf6 5. Nf3 Nbd7 6. Qc2 Qc7 7. cxd5 exd5 8. Bd3 Bd6 9. Bd2 Nf8 10. h3 Ne6 11. 0-0 0-0 12. Rfc1 Re8 13. Rab1 Bd7 14. b4 Rac8 15. Qb3 Qd8 16. a4 Nh5 17. b5 Ng5 18. Qd1 Qf6 19. Nxg5 Qxg5 20. f4 Qh6 21. Qf3 g6 22. g4 Ng7 23. e4 Ne6 24. Ne2 dxe4 25. Bxe4 cxb5 26. axb5 Rxc1+ 27. Bxc1 Nc7 28. b6 axb6 29. Rxb6 Qf8 30. Rxb7 Qe7 31. Bd3 Be6 32. Ra7 Bd5 33. Qf2 Qd7 34. Bd2 Ba8 35. f5 Qc6 36. Kf1 Qh1+ 37. Ng1 Bh2 38. fxg6 hxg6 39. Bc4 Re7 40. Be3 Bxg1 41. Qxg1 Qf3+ 42. Qf2 Qd1+ 43. Qe1 Qxe1+ 44. Kxe1 Rxe3+ 45. Kd2 Re7 46. d5 Bxd5 0-1

[Event "SVK-chT2C 0506"]
[Site "Slovakia"]
[Date "2006.01.15"]
[Round "7.2"]
[White "Sokol, Lubomir"]
[Black "Jurcik, Martin"]
[Result "1/2-1/2"]
[WhiteElo "2187"]
[BlackElo "2209"]
[PlyCount "60"]
[EventDate "2005.10.22"]
[EventType "team-tourn"]
[EventRounds "11"]
[EventCountry "SVK"]
[SourceTitle "EXT 2009"]
[Source "ChessBase"]
[SourceDate "2008.11.26"]
[SourceVersion "1"]
[SourceVersionDate "2008.11.26"]
[SourceQuality "1"]

1. b3 e5 2. Bb2 Nc6 3. c4 g6 4. Nc3 Bg7 5. g3 d6 6. Bg2 f5 7. d3 Nf6 8. e3 0-0 9. Nge2 Ne7 10. 0-0 c6 11. d4 e4 12. Qd2 g5 13. d5 c5 14. f3 exf3 15. Bxf3 Ng6 16. e4 h6 17. Bg2 Ng4 18. exf5 Bxf5 19. h3 N4e5 20. g4 Bd7 21. Be4 Nh4 22. Qe3 Qe7 23. Ng3 Rae8 24. Rxf8+ Rxf8 25. Rf1 Neg6 26. Rxf8+ Qxf8 27. Nd1 Bxb2 28. Nxb2 Qf6 29. Qf2 Nf4 30. Kh2 Qc3 1/2-1/2

[Event "SVK-chT1E 0506"]
[Site "Slovakia"]
[Date "2006.01.14"]
[Round "7"]
[White "Sedlar, Jozef"]
[Black "Sokol, Lubomir"]
[Result "1/2-1/2"]
[WhiteElo "2120"]
[BlackElo "2187"]
[PlyCount "116"]
[EventDate "2005.10.15"]
[EventType "team"]
[EventRounds "11"]
[EventCountry "SVK"]
[SourceTitle "EXT 2009"]
[Source "ChessBase"]
[SourceDate "2008.11.26"]
[SourceVersion "1"]
[SourceVersionDate "2008.11.26"]
[SourceQuality "1"]

1. Nf3 c5 2. b3 Nf6 3. Bb2 Nc6 4. e3 d5 5. Bb5 Bg4 6. 0-0 a6 7. Be2 e6 8. Ne5 Nxe5 9. Bxe5 Bxe2 10. Qxe2 Bd6 11. Bxd6 Qxd6 12. d3 0-0 13. Nd2 Rfd8 14. f4 e5 15. Qf3 Re8 16. Rae1 e4 17. Qh3 Re7 18. g4 exd3 19. cxd3 Rae8 20. g5 Nd7 21. Rf3 Qg6 22. e4 f6 23. Rg3 dxe4 24. dxe4 fxg5 25. Rxg5 Qf6 26. Qe3 b6 27. e5 Qh6 28. Ne4 Kh8 29. Qg3 Nf8 30. Rf1 Ne6 31. Rg4 Nd4 32. Qg2 Nf5 33. Re1 Rf8 34. Ng5 Nd4 35. Qe4 Qg6 36. Qxg6 hxg6 37. Re3 Ne6 38. Nxe6 Rxe6 39. Rd3 g5 40. Rxg5 Rxf4 41. Rd8+ Kh7 42. Rd7 Rg6 43. Rxg6 Kxg6 44. Rd6+ Kf5 45. Rxb6 Kxe5 46. Rxa6 Rd4 47. Kf2 g5 48. Ra5 Kd6 49. Ra8 Ke5 50. Kg3 Rd2 51. h3 Rc2 52. Ra5 Kf6 53. Kf3 Kg6 54. Ra4 Kh5 55. Rc4 Rxa2 56. Rxc5 Rb2 57. Rb5 Kh4 58. Rb8 Kh5 1/2-1/2

[Event "SVK-chT2C 0506"]
[Site "Slovakia"]
[Date "2005.11.27"]
[Round "4.2"]
[White "Kucera, Juraj"]
[Black "Sokol, Lubomir"]
[Result "0-1"]
[WhiteElo "2134"]
[BlackElo "2187"]
[PlyCount "82"]
[EventDate "2005.10.22"]
[EventType "team-tourn"]
[EventRounds "11"]
[EventCountry "SVK"]
[SourceTitle "EXT 2009"]
[Source "ChessBase"]
[SourceDate "2008.11.26"]
[SourceVersion "1"]
[SourceVersionDate "2008.11.26"]
[SourceQuality "1"]

1. d4 d5 2. Bf4 c6 3. e3 Bf5 4. Nf3 Nf6 5. h3 e6 6. Nbd2 Qb6 7. Rb1 c5 8. Bxb8 Rxb8 9. Be2 Rc8 10. 0-0 Bd6 11. Nb3 c4 12. Nbd2 Bb8 13. Ne5 0-0 14. f4 h6 15. Rf2 Qa5 16. a3 Qa4 17. c3 Bc2 18. Qc1 Bxb1 19. Qxb1 Bxe5 20. fxe5 Nh7 21. Bd1 Qe8 22. Bh5 g6 23. Bg4 f5 24. exf6 Rxf6 25. Qf1 Rxf2 26. Qxf2 Qf7 27. Qg3 Nf6 28. Bf3 Rf8 29. e4 Nxe4 30. Nxe4 dxe4 31. Bxe4 Qf1+ 32. Kh2 Qf4 33. Qxf4 Rxf4 34. Bxb7 Rf2 35. Ba6 Rxb2 36. Bxc4 Kf7 37. d5 e5 38. d6+ Ke8 39. Bd3 Rb3 40. a4 Kd7 41. Bxg6 Rxc3 0-1

[Event "SVK-chT2 0304"]
[Site "Slovakia"]
[Date "2004.??.??"]
[Round "9"]
[White "Galvanek, Ladislav"]
[Black "Sokol, Lubomir"]
[Result "1/2-1/2"]
[WhiteElo "2055"]
[BlackElo "2179"]
[PlyCount "75"]
[EventDate "2003.10.??"]
[EventType "team"]
[EventRounds "11"]
[EventCountry "SVK"]
[SourceTitle "EXT 2006"]
[Source "ChessBase"]
[SourceDate "2005.11.24"]
[SourceVersion "1"]
[SourceVersionDate "2005.11.24"]
[SourceQuality "1"]

1. d4 d5 2. c4 e6 3. Nc3 c6 4. Nf3 dxc4 5. a4 Bb4 6. e3 b5 7. Bd2 a5 8. axb5 Bxc3 9. Bxc3 cxb5 10. b3 Bb7 11. d5 Nf6 12. bxc4 b4 13. Bxf6 Qxf6 14. Qa4+ Ke7 15. Rd1 exd5 16. Nd4 Bc6 17. Qc2 Rd8 18. cxd5 Rxd5 19. Nxc6+ Qxc6 20. Qe4+ Kd6 21. Qf4+ Kd7 22. Rxd5+ Qxd5 23. Bc4 Qc5 24. Qxf7+ Kd8 25. 0-0 Ra7 26. Qg8+ Kc7 27. Rd1 Nc6 28. Be2 a4 29. Bf3 a3 30. Bxc6 Kxc6 31. Qe6+ Kb5 32. Rd5 Rc7 33. Rxc5+ Rxc5 34. Qd7+ Ka5 35. Qa7+ Kb5 36. Qd7+ Ka5 37. Qa7+ Kb5 38. Qd7+ 1/2-1/2

[Event "SVK-chT2 0304"]
[Site "Slovakia"]
[Date "2003.??.??"]
[Round "4"]
[White "Sokol, Lubomir"]
[Black "Turna, Stefan"]
[Result "1/2-1/2"]
[WhiteElo "2179"]
[BlackElo "2238"]
[PlyCount "83"]
[EventDate "2003.10.??"]
[EventType "team"]
[EventRounds "11"]
[EventCountry "SVK"]
[SourceTitle "EXT 2006"]
[Source "ChessBase"]
[SourceDate "2005.11.24"]
[SourceVersion "1"]
[SourceVersionDate "2005.11.24"]
[SourceQuality "1"]

1. d4 d5 2. Nf3 Nf6 3. c4 c6 4. Nc3 a6 5. cxd5 cxd5 6. Bf4 Bf5 7. Qb3 b5 8. a4 bxa4 9. Qb7 Nbd7 10. Rxa4 e5 11. Nxe5 Rb8 12. Qxa6 Rb6 13. Qa8 Rb8 14. Qc6 Bb4 15. Rxb4 Rxb4 16. Nxd5 Nxd5 17. Qxd5 Be6 18. Qd6 Qa5 19. Qe7+ Kxe7 20. Nc6+ Kf6 21. Nxa5 Ra8 22. Bd2 Rxb2 23. e4 Rb1+ 24. Ke2 Rxa5 25. Bxa5 Bc4+ 26. Ke3 Rxf1 27. Rxf1 Bxf1 28. g3 Ke7 29. Bb4+ Ke8 30. d5 Bg2 31. Bc3 f6 32. f3 Bf1 33. f4 Bg2 34. Kd4 Nb6 35. Ba5 Nd7 36. e5 fxe5+ 37. fxe5 Bh3 38. e6 Nf6 39. Ke5 Ng4+ 40. Kf4 Nf6 41. Ke5 Ng4+ 42. Kf4 1/2-1/2

[Event "SVK-chT1E 0203"]
[Site "Slovakia"]
[Date "2002.??.??"]
[Round "?"]
[White "Demeter, Peter"]
[Black "Sokol, Lubomir"]
[Result "1/2-1/2"]
[WhiteElo "2348"]
[BlackElo "2197"]
[PlyCount "65"]
[EventDate "2002.10.??"]
[EventType "team"]
[EventRounds "11"]
[EventCountry "SVK"]
[SourceTitle "EXT 2005"]
[Source "ChessBase"]
[SourceDate "2004.11.15"]
[SourceVersion "1"]
[SourceVersionDate "2004.11.15"]
[SourceQuality "1"]

1. c4 Nf6 2. Nf3 c5 3. g3 d5 4. cxd5 Nxd5 5. Bg2 Nc6 6. Nc3 Nc7 7. d3 e5 8. 0-0 Be7 9. b3 Be6 10. Bb2 Rc8 11. Rc1 f6 12. Na4 b6 13. e3 0-0 14. d4 exd4 15. exd4 Nxd4 16. Bxd4 cxd4 17. Nxd4 Bd7 18. Nc6 Bxc6 19. Rxc6 Na6 20. Qe2 Rxc6 21. Bxc6 Nc5 22. Re1 Bd6 23. b4 Nxa4 24. Bxa4 Kh8 25. Bc2 f5 26. a3 Qf6 27. Qd3 a5 28. bxa5 bxa5 29. Rb1 g6 30. Rd1 Bc5 31. a4 f4 32. gxf4 Bb6 33. Qd6 1/2-1/2

[Event "SVK-chT3A 0102"]
[Site "Slovakia"]
[Date "2001.??.??"]
[Round "4"]
[White "Galvanek, Ladislav"]
[Black "Sokol, Lubomir"]
[Result "0-1"]
[WhiteElo "2059"]
[BlackElo "2241"]
[PlyCount "68"]
[EventDate "2001.10.??"]
[EventType "team"]
[EventRounds "11"]
[EventCountry "SVK"]
[SourceTitle "EXT 2006"]
[Source "ChessBase"]
[SourceDate "2005.11.24"]
[SourceVersion "1"]
[SourceVersionDate "2005.11.24"]
[SourceQuality "1"]

1. d4 d5 2. c4 c6 3. Nf3 e6 4. Nc3 dxc4 5. a4 Bb4 6. e4 b5 7. Be2 Bb7 8. 0-0 a6 9. Qc2 Nf6 10. e5 Nd5 11. Ne4 h6 12. Rd1 Nd7 13. Bf1 N7b6 14. axb5 cxb5 15. Nc5 Bxc5 16. dxc5 Nd7 17. c6 Bxc6 18. b3 c3 19. Ba3 b4 20. Rxd5 Bxd5 21. Bxb4 a5 22. Bd6 Rc8 23. Bb5 Bc6 24. Bxc6 Rxc6 25. Nd4 Rxd6 26. exd6 Qb6 27. Qxc3 0-0 28. Nc6 Nc5 29. Nxa5 Qxd6 30. Nc4 Qd5 31. Rb1 Ne4 32. Qe5 Qd3 33. Re1 Rd8 34. Rxe4 Qxe4 0-1

[Event "SVK-chT1E 0001"]
[Site "Slovakia"]
[Date "2001.??.??"]
[Round "9"]
[White "Hlinka, Michal"]
[Black "Sokol, Lubomir"]
[Result "1-0"]
[WhiteElo "2244"]
[BlackElo "2171"]
[PlyCount "97"]
[EventDate "2000.??.??"]
[EventType "team"]
[EventRounds "11"]
[EventCountry "SVK"]
[SourceTitle "EXT 2002"]
[Source "ChessBase"]
[SourceDate "2001.11.25"]
[SourceVersion "1"]
[SourceVersionDate "2001.11.25"]
[SourceQuality "1"]

1. d4 d5 2. Nf3 c6 3. g3 Bg4 4. Bg2 Nd7 5. Nbd2 f5 6. Ng5 Ngf6 7. Ne6 Qc8 8. c4 Kf7 9. Ng5+ Kg8 10. Qb3 Nb6 11. cxd5 cxd5 12. a4 h6 13. Ngf3 e6 14. a5 Nbd7 15. 0-0 Bd6 16. Qd3 Kh7 17. b3 b6 18. Bb2 bxa5 19. Rxa5 Qc7 20. Rfa1 Rhc8 21. Ne1 Bb4 22. Ra6 Nb6 23. f3 Bh5 24. e3 Be8 25. Bf1 Bd7 26. Qe2 Ne8 27. Qd1 Nd6 28. Nd3 Bxd2 29. Qxd2 Bb5 30. R6a2 Bxd3 31. Bxd3 Rcb8 32. Qa5 Qd7 33. Rc1 Rc8 34. Ba6 Rxc1+ 35. Bxc1 Qc6 36. Qc5 Qd7 37. Rc2 Nb7 38. Qc7 Qxc7 39. Rxc7 Na5 40. b4 Nb3 41. Kf2 Rb8 42. Ba3 Nd2 43. b5 Ndc4 44. Bc5 Kg6 45. Rxa7 Kf6 46. h4 Na4 47. h5 Kg5 48. Rxg7+ Kxh5 49. Be7 1-0

[Event "SVK-chT3C 0001"]
[Site "Slovakia"]
[Date "2001.??.??"]
[Round "7"]
[White "Holubcik, Marian"]
[Black "Sokol, Lubomir"]
[Result "0-1"]
[WhiteElo "2028"]
[BlackElo "2171"]
[PlyCount "62"]
[EventDate "2000.??.??"]
[EventType "team"]
[EventRounds "9"]
[EventCountry "SVK"]
[SourceTitle "EXT 2002"]
[Source "ChessBase"]
[SourceDate "2001.11.25"]
[SourceVersion "1"]
[SourceVersionDate "2001.11.25"]
[SourceQuality "1"]

1. e4 Nf6 2. Nc3 e5 3. f4 d5 4. fxe5 Nxe4 5. Nf3 Bg4 6. Qe2 Nxc3 7. bxc3 c5 8. d4 cxd4 9. cxd4 Bxf3 10. Qxf3 Qh4+ 11. Qf2 Bb4+ 12. Ke2 Qxf2+ 13. Kxf2 Bc3 14. Rb1 Bxd4+ 15. Be3 Bxe3+ 16. Kxe3 Nc6 17. Rxb7 0-0 18. Bb5 Nxe5 19. Kd4 Ng6 20. Bc6 Rac8 21. Bxd5 Rxc2 22. Kd3 Rf2 23. Rxa7 Rd8 24. Ke3 Rf5 25. Bf3 Re5+ 26. Kf2 Rd2+ 27. Kg3 Rg5+ 28. Kh3 h6 29. g3 Ne5 30. Rf1 f5 31. Bd1 Ng4 0-1

[Event "SVK-chT3A 0102"]
[Site "Slovakia"]
[Date "2001.??.??"]
[Round "1"]
[White "Polko, Juraj"]
[Black "Sokol, Lubomir"]
[Result "0-1"]
[WhiteElo "2147"]
[BlackElo "2241"]
[PlyCount "68"]
[EventDate "2001.10.??"]
[EventType "team"]
[EventRounds "11"]
[EventCountry "SVK"]
[SourceTitle "EXT 2006"]
[Source "ChessBase"]
[SourceDate "2005.11.24"]
[SourceVersion "1"]
[SourceVersionDate "2005.11.24"]
[SourceQuality "1"]

1. Nf3 d5 2. g3 c6 3. Bg2 Bg4 4. h3 Bh5 5. d3 Nd7 6. 0-0 Ngf6 7. Nbd2 e5 8. e4 dxe4 9. dxe4 Bc5 10. Qe2 0-0 11. Nb3 Bb6 12. Be3 Qe7 13. Bxb6 axb6 14. Qe3 Rfd8 15. Nh4 Ra4 16. Rfe1 c5 17. Nd2 Qe6 18. b3 Ra6 19. a4 Nb8 20. Bf1 Ra8 21. Kg2 Nc6 22. Bc4 Qe8 23. Ndf3 Nd4 24. Nxd4 Rxd4 25. Bd3 Bg6 26. c3 Bxe4+ 27. Bxe4 Rxe4 28. Qg5 Qc6 29. f3 h6 30. Qf5 Rxe1 31. Rxe1 g5 32. Ng6 fxg6 33. Qxg6+ Kh8 34. Rxe5 Rd8 0-1

[Event "SVK-chT1E 0001"]
[Site "Slovakia"]
[Date "2001.??.??"]
[Round "8"]
[White "Sokol, Lubomir"]
[Black "Krak, Tomas"]
[Result "1-0"]
[WhiteElo "2171"]
[BlackElo "2121"]
[PlyCount "79"]
[EventDate "2000.??.??"]
[EventType "team"]
[EventRounds "11"]
[EventCountry "SVK"]
[SourceTitle "EXT 2002"]
[Source "ChessBase"]
[SourceDate "2001.11.25"]
[SourceVersion "1"]
[SourceVersionDate "2001.11.25"]
[SourceQuality "1"]

1. d4 Nf6 2. Nf3 c5 3. e3 e6 4. Bd3 Be7 5. 0-0 0-0 6. Nbd2 d5 7. c3 b6 8. Ne5 Bb7 9. Qf3 Nbd7 10. Qh3 Qc7 11. Ndf3 Ne4 12. Nxd7 Qxd7 13. Ne5 Qc8 14. f3 f6 15. fxe4 fxe5 16. Rxf8+ Bxf8 17. exd5 g6 18. Qxe6+ Qxe6 19. dxe6 cxd4 20. Bc4 Bc5 21. b4 Be7 22. exd4 Rc8 23. Bb3 Rxc3 24. Bb2 Rd3 25. Rc1 Kf8 26. Rc7 Be4 27. Rc8+ Kg7 28. Re8 Bg5 29. Rg8+ Kh6 30. e7 Bxe7 31. Bc2 Rxd4 32. Bxd4 Bxc2 33. Be3+ Kh5 34. Rg7 Bxb4 35. Rxh7+ Kg4 36. Rxa7 b5 37. Rb7 Ba4 38. Rf7 Be1 39. h3+ Kg3 40. Rf1 1-0